Kauza smrt je perfektní v zastírání skutečnosti : je obviněna z vraždy a má motiv

Bibliographic Details
Other Authors: Grenier, Marc S. (Author of dialog), Bergin, Patrick (uci), Roy, Maxim (uci), Severance, Joan (uci), Ironside, Michael (uci)
Format: Book
Language:Czech
PhysicalDescription:1 videokazeta (90 min.) stereo, fareb., VHS systém PAL 10x19 cm
Published: Bratislava Davay 2000
Subjects:

MARC

LEADER 00000nam a2200000 a 4500
001 vtls001401188
003 SK-MaSNL
005 20260302001157.0
008 130607s2000 xo 0 cze
015 |a SNBJ2000/04-01773 
035 |a SNK000355683 
040 |a SNK  |b slo  |c SNK  |e AACR2 
044 |a xo  |c SK 
080 |a 791.43-312.4 (73)(086.8)  |2 1981 
245 1 |a Kauza smrt  |h videozáznam  |b je perfektní v zastírání skutečnosti : je obviněna z vraždy a má motiv  |c réžia Marc S. Grenier 
260 |a Bratislava  |b Davay  |c 2000 
300 |a 1 videokazeta (90 min.)  |b stereo, fareb., VHS systém PAL  |c 10x19 cm 
511 |a Hrajú: Patrick Bergin, Maxim Roy, Joan Severance, Michael Ironside 
650 0 7 |a filmy kriminálne  |x videokazety  |2 SNK  |9 288470 
655 7 |a videokazety  |2 SNK  |9 70726 
700 1 |a Grenier, Marc S.  |4 aud  |9 526714 
700 1 |a Bergin, Patrick.  |4 uci  |9 40411 
700 1 |a Roy, Maxim  |4 uci  |9 636745 
700 1 |a Severance, Joan  |4 uci  |9 556008 
700 1 |a Ironside, Michael  |4 uci  |9 40493 
999 |c 982811  |d 984741 
952 |t P65, <07>, [BOOK], {657}  |a SNK  |b SNK  |y PREZ  |7 0  |p 17A0258364  |o snkSVC 1320  |i snkJK 394/2000  |0 0  |1 0  |4 0  |d 2000-11-22  |l 0  |r 2005-01-02 00:00:00  |w 2026-02-24